00639nam a2200169 a 450000500170000000800410001702000180005805000190007610000200009524500840011526000530019930000230025265000320027565000320030799900190033995201110035820140412111308.0030415s19uu xx 00 eng d a0-7214-9509-5 aERbCo714 1991 aBradbury, Lynne aColours and shapes /cwritten by Lynne Bradbury ; illustrated by Lynn N Grundy. aLeicestershire, UK :bLadybird Books Ltd,c1991. a1 v. (unp.) ; ill. aColors--Juvenile literature aShapes--Juvenile literature c103783d103783 00104050aELbELcERd2003-04-15eDonationl0oER Co714 1991pE5878r2014-04-12 00:00:00w2014-04-12yBK